Open Data Biblioteca Nacional de Portugal


República Portuguesa: Ministério da Cultura
Biblioteca Nacional de Portugal

Catálogo da BNP: acesso por Identificadores Unívocos
Registos Bibliográficos associados ao registo de autoridade

Etiqueta de registo: 00000nkm 2200025 450
001 2256128
003 http://id.bnportugal.gov.pt/bib/catbnp/2256128
100 ## $a20260128d19801990m y0pory01030103ba
101 0# $apor
102 ## $aPT
200 1# $aCineclube de Braga$bVisual gráfico]$fPelouro do Ambiente e da Cultura da Câmara Municipal de Braga
210 #9 $aBraga$cPelouro do Ambiente e da Cultura da Câmara Municipal de Braga,$d[entre 1980 e 1990]$eBraga :$fEditora Correio do Minho/ SM)
215 ## $a1 cartaz$cp&b$d59,5x29,7 cm
306 ## $aDatação atribuída em conformidade com as características formais do documento
317 ## $aColeção Madeira Luís
675 ## $a766(=1:469)"198"(084.5)$vBN$zpor$31658582
710 02 $aCâmara Municipal de Braga$bPelouro do Ambiente e da Cultura$31982002
801 #0 $aPT$bBN$gRPC
966 ## $lBN$mICONOG$sCT. 18209 A.$x3
971 ## $cCaticonografia3$d20260128
995 ## $aPRR2026 $d20260128$iCaticonografia3

Etiqueta de registo: 00000nkm 2200025 450
001 2256946
003 http://id.bnportugal.gov.pt/bib/catbnp/2256946
100 ## $a20260129f197- m y0pory01030103ba
101 0# $apor$afre
102 ## $aPT
200 1# $aChorale des Martyrs d'Ouganda (Dakar - Senegal), auditório Gulbankian, 8 junho$bVisual gráfico]$fCâmara Municipal de Braga
210 #9 $aBraga$cCâmara Municipal de Braga,$d[posterior a 1976]$eBraga :$gEditora Correio do Minho )
215 ## $a1 cartaz$ccolor.$d62,3x34cm
306 ## $aDatação atribuída em conformidade com as características formais do documento.
317 ## $aColeção Madeira Luís
675 ## $a766(=1:469)"198"(084.5)$vBN$zpor$31620221
710 02 $aCâmara Municipal de Braga$bPelouro do Ambiente e da Cultura$31982002
711 02 $aAssociação de Coros Amadores da Área de Lisboa$31302023
801 #0 $aPT$bBN$gRPC
966 ## $lBN$mICONOG$sCT. 18485 A.$x3
971 ## $cCaticonografia2$d20260129
995 ## $aPRR2026 $d20260129$iCaticonografia2

OpendataBNP@bnportugal.pt | Mais informação sobre acesso aos dados BNP